000
00307nam a22001337a 4500
008
171124b xxu||||| |||| 00| 0 eng d
020
_a
9780201483857
041
_a
eng
080
_a
159.9
100
_a
48
101
_a
PSI
245
_a
ALL GROWN UP AND NO PLACE TO GO
_c
DAVID.E
942
_2
udc
_c
BK
999
_c
38517
_d
38517